000 00391nam a22001457a 4500
003 OSt
005 20160721091027.0
008 160721b xxu||||| |||| 00| 0 eng d
020 _a9780672330292
040 _cN/A
100 _aRand -Hendriksen Morten
245 _aSams teach yourself microsoft Expression Web2in 24 hours
260 _aUSA
_bPearson Education Inc
_c2008
942 _2lcc
_cBK
999 _c254790
_d254789